=LDR 00000nam 2200000 4500 =001 INLIS000000000000963 =005 20200924081928 =035 ##$$a 0010-061300000000963 =008 200924################g##########0#ind## =041 ##$$a Ind =082 ##$$a 303.6 =090 ##$$a 303.6, Web-s =100 1#$$a Weber, Clarence A =245 1#$$a Sumber-sumber pemberontakan /$c Clarence A Weber; penerjemah Ny. Sidki =260 ##$$a Jakarta :$b Pradnya Pramita,$c 1986 =300 ##$$a xi, 140 hlm. ; $c 14,5x21 cm. =650 #4$$a Konflik antar generasi =700 #$$a Sidki, Ny. =850 ##$$a NBPNMAT =020 ##$$a 979-408-073-X =084 ##$$a 303.6 WEB s =504 ##$$a Bibliografi : hlm. 137 - 140 =990 ##$$a 28.625 pro.88 =990 ##$$a 120.598 pro.97 =990 ##$$a 120.599/pro-97